000 00736nam a22002177a 4500
999 _c17628
_d17628
003 AR-CdUCM
008 190308b ||||| |||| 00| 0 spa d
040 _aMUNICIPALIDAD PROVINCIAL DEL CUSCO
_cBIBLIOTECA MUNICIPAL DEL CUSCO
082 _a869.56018 /
_bC61
245 _aLas 100 mejores poesías peruanas contemporáneas /
260 _aLima :
_bTall. Industrial Gráfica,
_c1961
300 _a153 páginas ;
_c19 cm.
440 _aAntología de la Rama Florida
_914023
500 _aDonación de la familia Nieto
650 _aPoesía
_9139
650 _aPoesía Peruana
_92266
650 _aColeeciones
_914024
700 _aCarrillo Espejo, Francisco E (Compilador)
_914025
942 _2ddc
_cLIBROS
945 _apjha
_d2019-05-09